[Event "National Elementary Championship"]
[Site "Columbus, Ohio, United States"]
[Date "2022.05.13"]
[Round "2.9"]
[White "Bear, Nicholas"]
[Black "Ziegler, Nate"]
[Result "0-1"]
[TimeControl "G/90;d5"]
[WhiteElo "1737"]
[BlackElo "1985"]

1. d4 {[%clk 01:30:00]} {[%emt 00:00:04]} Nf6 {[%clk 01:30:00]} {[%emt
00:00:12]} 2. Bf4 {[%clk 01:30:00]} d5 {[%clk 01:29:03]} {[%emt 00:01:15]} 3.
e3 {[%clk 01:29:59]} c5 {[%clk 01:28:13]} {[%emt 00:00:48]} 4. dxc5 {[%clk
01:29:58]} {[%emt 00:00:04]} Qa5+ {[%clk 01:27:13]} {[%emt 00:00:58]} 5. Nc3
{[%clk 01:29:58]} {[%emt 00:00:22]} e6 {[%clk 01:23:34]} {[%emt 00:03:45]} 6.
Bd3 {[%clk 01:16:58]} {[%emt 00:12:49]} Bxc5 {[%clk 01:23:05]} {[%emt
00:01:03]} 7. Nge2 {[%clk 01:16:42]} {[%emt 00:00:04]} O-O {[%clk 01:22:35]}
{[%emt 00:00:21]} 8. O-O {[%clk 01:16:41]} {[%emt 00:00:15]} Nc6 {[%clk
01:22:16]} {[%emt 00:00:14]} 9. a3 {[%clk 01:15:54]} {[%emt 00:00:49]} Qd8
{[%clk 01:21:36]} {[%emt 00:00:44]} 10. Bg5 {[%clk 01:11:53]} {[%emt 00:04:11]}
h6 {[%clk 01:19:21]} {[%emt 00:02:16]} 11. Bh4 {[%clk 01:11:53]} {[%emt
00:00:13]} Be7 {[%clk 01:18:54]} {[%emt 00:00:26]} 12. Bb5 {[%clk 01:10:18]}
{[%emt 00:01:49]} a6 {[%clk 01:18:39]} {[%emt 00:00:09]} 13. Ba4 {[%clk
01:10:05]} {[%emt 00:00:18]} b5 {[%clk 01:17:59]} {[%emt 00:00:53]} 14. Bb3
{[%clk 01:10:01]} {[%emt 00:00:05]} Bb7 {[%clk 01:16:35]} {[%emt 00:01:33]} 15.
Nd4 {[%clk 01:08:04]} {[%emt 00:01:54]} Ne5 {[%clk 01:08:42]} {[%emt 00:07:56]}
16. Qe2 {[%clk 01:02:42]} {[%emt 00:05:29]} Ng6 {[%clk 01:06:11]} {[%emt
00:02:36]} 17. Bg3 {[%clk 01:01:37]} {[%emt 00:01:10]} Rc8 {[%clk 01:02:26]}
{[%emt 00:04:20]} 18. Rfd1 {[%clk 00:56:42]} {[%emt 00:04:29]} Qa5 {[%clk
01:01:24]} {[%emt 00:01:02]} 19. h3 {[%clk 00:52:58]} {[%emt 00:03:54]} Rfd8
{[%clk 00:54:53]} {[%emt 00:06:49]} 20. Nf3 {[%clk 00:48:45]} {[%emt 00:04:08]}
Rxc3 {[%clk 00:46:27]} {[%emt 00:08:27]} 21. bxc3 {[%clk 00:48:18]} {[%emt
00:00:41]} Ne4 {[%clk 00:45:23]} {[%emt 00:01:01]} 22. Qe1 {[%clk 00:43:31]}
{[%emt 00:04:55]} Bf6 {[%clk 00:43:05]} {[%emt 00:02:24]} 23. Nd4 {[%clk
00:41:53]} {[%emt 00:01:45]} Nxg3 {[%clk 00:40:29]} {[%emt 00:02:46]} 24. fxg3
{[%clk 00:40:50]} {[%emt 00:00:56]} Rc8 {[%clk 00:34:54]} {[%emt 00:05:43]} 25.
a4 {[%clk 00:33:03]} {[%emt 00:07:52]} Qb6 {[%clk 00:27:17]} {[%emt 00:07:38]}
26. axb5 {[%clk 00:30:51]} {[%emt 00:02:27]} axb5 {[%clk 00:27:01]} {[%emt
00:00:11]} 27. Rdb1 {[%clk 00:28:23]} {[%emt 00:02:33]} Qc5 {[%clk 00:24:09]}
{[%emt 00:02:59]} 28. Ra5 {[%clk 00:26:34]} {[%emt 00:01:52]} Qxc3 {[%clk
00:22:02]} {[%emt 00:02:14]} 29. Qxc3 {[%clk 00:16:54]} {[%emt 00:09:45]} Rxc3
{[%clk 00:21:14]} {[%emt 00:00:51]} 30. Kf2 {[%clk 00:16:22]} {[%emt 00:00:36]}
Bxd4 {[%clk 00:16:29]} {[%emt 00:04:49]} 31. exd4 {[%clk 00:16:16]} {[%emt
00:00:14]} Bc6 {[%clk 00:16:28]} {[%emt 00:00:06]} 32. Ra7 {[%clk 00:14:13]}
{[%emt 00:02:06]} Be8 {[%clk 00:07:40]} {[%emt 00:09:06]} 33. Ra8 {[%clk
00:12:16]} {[%emt 00:01:50]} Kf8 {[%clk 00:07:37]} {[%emt 00:00:13]} 34. Rba1
{[%clk 00:11:07]} {[%emt 00:01:09]} Rc7 {[%clk 00:06:44]} {[%emt 00:00:58]} 35.
h4 {[%clk 00:09:21]} {[%emt 00:02:04]} Ne7 {[%clk 00:06:30]} {[%emt 00:00:06]}
36. g4 {[%clk 00:05:21]} {[%emt 00:04:09]} Nc8 {[%clk 00:06:30]} {[%emt
00:00:06]} 37. R8a5 {[%clk 00:04:57]} {[%emt 00:00:24]} Nd6 {[%clk 00:06:21]}
{[%emt 00:00:12]} 38. Ra7 {[%clk 00:04:46]} {[%emt 00:00:19]} Rc3 {[%clk
00:05:59]} {[%emt 00:00:26]} 39. Rd1 {[%clk 00:03:35]} {[%emt 00:01:19]} Ne4+
{[%clk 00:05:45]} {[%emt 00:00:16]} 40. Kg1 {[%clk 00:03:18]} {[%emt 00:00:30]}
Nd6 {[%clk 00:05:32]} {[%emt 00:00:12]} 41. Rd3 {[%clk 00:03:04]} {[%emt
00:00:16]} Rxd3 {[%clk 00:00:07]} {[%emt 00:05:31]} 42. cxd3 {[%clk 00:03:04]}
{[%emt 00:00:05]} f6 {[%clk 00:00:07]} 43. Kf2 {[%clk 00:02:50]} {[%emt
00:00:17]} Bg6 {[%clk 00:00:07]} {[%emt 00:00:29]} 44. Ke3 {[%clk 00:02:40]}
{[%emt 00:00:03]} h5 {[%clk 00:00:07]} 45. gxh5 {[%clk 00:02:29]} {[%emt
00:00:07]} Bxh5 {[%clk 00:00:07]} {[%emt 00:00:05]} 46. Ra8+ {[%clk 00:02:15]}
{[%emt 00:00:14]} Ke7 {[%clk 00:00:07]} {[%emt 00:00:05]} 47. Rh8 {[%clk
00:02:04]} {[%emt 00:00:20]} Nf5+ {[%clk 00:00:07]} 48. Kd2 {[%clk 00:01:28]}
{[%emt 00:00:36]} Nxd4 {[%clk 00:00:07]} {[%emt 00:00:30]} 49. Rxh5 {[%clk
00:01:21]} {[%emt 00:00:03]} Nxb3+ {[%clk 00:00:07]} 50. Kc3 {[%clk 00:01:21]}
Nc5 {[%clk 00:00:07]} 51. Rh7 {[%clk 00:00:50]} {[%emt 00:00:24]} Kf7 {[%clk
00:00:07]} 52. Rh8 {[%clk 00:00:50]} {[%emt 00:00:40]} Nd7 {[%clk 00:00:07]} 53.
Ra8 {[%clk 00:00:29]} Ne5 {[%clk 00:00:07]} 54. d4 {[%clk 00:00:14]} {[%emt
00:00:13]} Ng6 {[%clk 00:00:07]} {[%emt 00:00:10]} 55. h5 {[%clk 00:00:13]}
{[%emt 00:00:03]} Nf4 {[%clk 00:00:07]} 56. g4 {[%clk 00:00:13]} Ne2+ {[%clk
00:00:07]} {[%emt 00:00:07]} 57. Kd3 {[%clk 00:00:13]} Nf4+ {[%clk 00:00:07]}
58. Ke3 {[%clk 00:00:13]} {[%emt 00:00:04]} Nh3 {[%clk 00:00:07]} {[%emt
00:00:04]} 59. Rb8 {[%clk 00:00:13]} Ng5 {[%clk 00:00:07]} {[%emt 00:00:04]} 60.
Rxb5 {[%clk 00:00:13]} Kg8 {[%clk 00:00:06]} {[%emt 00:00:11]} 61. Kf4 {[%clk
00:00:13]} Ne4 {[%clk 00:00:06]} {[%emt 00:00:03]} 62. Rb6 {[%clk 00:00:13]}
{[%emt 00:00:03]} Kf7 {[%clk 00:00:06]} 63. Rb7+ {[%clk 00:00:13]} {[%emt
00:00:04]} Kf8 {[%clk 00:00:06]} {[%emt 00:00:04]} 64. Ra7 {[%clk 00:00:11]}
{[%emt 00:00:06]} Nd6 {[%clk 00:00:06]} {[%emt 00:00:03]} 65. Rd7 {[%clk
00:00:11]} Ne4 {[%clk 00:00:06]} {[%emt 00:00:03]} 66. Ra7 {[%clk 00:00:11]}
{[%emt 00:00:04]} Nd6 {[%clk 00:00:06]} {[%emt 00:00:05]} 67. g5 {[%clk
00:00:11]} {[%emt 00:00:03]} Ne8 {[%clk 00:00:04]} {[%emt 00:00:09]} 68. g6
{[%clk 00:00:11]} {[%emt 00:00:04]} Nd6 {[%clk 00:00:04]} {[%emt 00:00:06]} 69.
Ra8+ {[%clk 00:00:11]} {[%emt 00:00:04]} Ke7 {[%clk 00:00:04]} {[%emt
00:00:04]} 70. Rg8 {[%clk 00:00:10]} {[%emt 00:00:03]} Nf5 {[%clk 00:00:04]}
{[%emt 00:00:08]} 0-1

[Event "National Elementary Championship"]
[Site "Columbus, Ohio, United States"]
[Date "2022.05.13"]
[Round "2.10"]
[White "Kamesh, Vidyuth"]
[Black "Colville, Julian"]
[Result "1/2-1/2"]
[TimeControl "G/90;d5"]
[WhiteElo "1684"]
[BlackElo "1950"]

1. d4 {[%clk 01:30:00]} e6 {[%clk 01:29:57]} 2. Nf3 {[%clk 01:29:39]} {[%emt
00:00:16]} f5 {[%clk 01:29:57]} {[%emt 00:00:04]} 3. c3 {[%clk 01:28:35]}
{[%emt 00:01:16]} Nf6 {[%clk 01:29:57]} 4. Nbd2 {[%clk 01:28:34]} {[%emt
00:00:06]} Be7 {[%clk 01:29:57]} 5. Qc2 {[%clk 01:28:21]} {[%emt 00:00:17]} d6
{[%clk 01:26:47]} {[%emt 00:03:23]} 6. e4 {[%clk 01:27:07]} {[%emt 00:01:09]}
O-O {[%clk 01:23:09]} {[%emt 00:03:42]} 7. exf5 {[%clk 01:22:17]} {[%emt
00:05:30]} exf5 {[%clk 01:22:54]} {[%emt 00:00:09]} 8. Bd3 {[%clk 01:21:56]}
{[%emt 00:00:09]} Nd5 {[%clk 01:20:17]} {[%emt 00:03:02]} 9. O-O {[%clk
01:16:42]} {[%emt 00:05:23]} Nf4 {[%clk 01:18:19]} {[%emt 00:02:10]} 10. Bc4+
{[%clk 01:13:50]} {[%emt 00:02:51]} Be6 {[%clk 01:17:48]} {[%emt 00:00:07]} 11.
Bxe6+ {[%clk 01:12:38]} {[%emt 00:01:14]} Nxe6 {[%clk 01:17:44]} {[%emt
00:00:14]} 12. Qb3 {[%emt 00:01:54]} d5 {[%clk 01:08:36]} {[%emt 00:08:55]} 13.
Qxb7 {[%clk 01:09:13]} {[%emt 00:01:53]} c6 {[%clk 01:08:36]} {[%emt 00:00:05]}
14. Re1 {[%clk 01:06:15]} {[%emt 00:03:03]} Nc7 {[%clk 01:07:31]} {[%emt
00:01:10]} 15. Ne5 {[%clk 01:00:29]} {[%emt 00:05:54]} Rf6 {[%clk 00:54:58]}
{[%emt 00:12:39]} 16. Ndf3 {[%clk 00:58:34]} {[%emt 00:01:57]} h6 {[%clk
00:54:50]} {[%emt 00:00:35]} 17. Nd3 {[%clk 00:51:16]} {[%emt 00:07:01]} c5
{[%clk 00:45:54]} {[%emt 00:09:02]} 18. dxc5 {[%clk 00:47:54]} {[%emt
00:03:30]} Nc6 {[%clk 00:44:34]} {[%emt 00:01:19]} 19. Qb3 {[%clk 00:45:47]}
{[%emt 00:02:14]} Ne6 {[%clk 00:42:53]} {[%emt 00:01:46]} 20. Nfe5 {[%clk
00:43:24]} {[%emt 00:02:29]} Nxc5 {[%clk 00:42:13]} {[%emt 00:00:52]} 21. Nxc5
{[%clk 00:42:32]} {[%emt 00:00:53]} Bxc5 {[%clk 00:42:07]} {[%emt 00:00:37]} 22.
Nxc6 {[%clk 00:41:23]} {[%emt 00:00:45]} Rxc6 {[%emt 00:03:31]} 23. Be3 {[%clk
00:37:09]} {[%emt 00:01:20]} Rb8 {[%clk 00:40:41]} {[%emt 00:01:01]} 24. Qa4
{[%clk 00:30:35]} {[%emt 00:06:43]} Qb6 {[%clk 00:39:58]} {[%emt 00:00:44]} 25.
Bxc5 {[%clk 00:30:14]} {[%emt 00:00:43]} Rxc5 {[%clk 00:39:08]} {[%emt
00:00:43]} 26. Re8+ {[%emt 00:01:30]} Rxe8 {[%clk 00:38:41]} 27. Qxe8+ {[%clk
00:29:20]} {[%emt 00:00:05]} Kh7 {[%clk 00:38:31]} {[%emt 00:00:38]} 28. Qe2
{[%clk 00:29:20]} Rb5 {[%clk 00:37:28]} {[%emt 00:01:16]} 29. Rb1 {[%clk
00:28:04]} {[%emt 00:00:54]} Qa5 {[%clk 00:36:31]} {[%emt 00:00:59]} 30. b4
{[%clk 00:25:35]} {[%emt 00:02:35]} d4 {[%clk 00:31:40]} {[%emt 00:05:30]} 31.
Qc2 {[%clk 00:24:36]} {[%emt 00:00:26]} Qb6 {[%clk 00:28:34]} {[%emt 00:03:19]}
32. a4 {[%clk 00:22:55]} {[%emt 00:01:43]} Re5 {[%clk 00:28:01]} {[%emt
00:00:36]} 33. cxd4 {[%clk 00:21:34]} {[%emt 00:01:27]} Qxd4 {[%clk 00:27:56]}
{[%emt 00:00:31]} 34. h3 {[%clk 00:21:34]} {[%emt 00:00:11]} Qf4 {[%clk
00:27:16]} {[%emt 00:00:18]} 35. b5 {[%clk 00:20:50]} 1/2-1/2

[Event "National Elementary Championship"]
[Site "Columbus, Ohio, United States"]
[Date "2022.05.13"]
[Round "2.11"]
[White "Rajaram, Rohan"]
[Black "Pimanoff, Theodore"]
[Result "1-0"]
[TimeControl "G/90;d5"]
[WhiteElo "2042"]
[BlackElo "1511"]

1. d4 {[%clk 01:30:00]} {[%emt 00:00:01]} Nf6 {[%clk 01:29:57]} {[%emt
00:00:08]} 2. c4 {[%clk 01:30:00]} {[%emt 00:00:06]} g6 {[%clk 01:29:57]}
{[%emt 00:00:04]} 3. g3 {[%clk 01:29:59]} {[%emt 00:00:06]} Bg7 {[%clk
01:29:55]} {[%emt 00:00:08]} 4. Bg2 {[%clk 01:29:52]} {[%emt 00:00:12]} d6
{[%clk 01:29:52]} {[%emt 00:00:09]} 5. Nc3 {[%clk 01:29:47]} {[%emt 00:00:09]}
O-O {[%clk 01:29:44]} {[%emt 00:00:12]} 6. Nf3 {[%clk 01:29:43]} {[%emt
00:00:09]} c5 {[%clk 01:29:16]} {[%emt 00:00:34]} 7. d5 {[%clk 01:28:39]}
{[%emt 00:01:09]} Nbd7 {[%clk 01:27:10]} {[%emt 00:02:11]} 8. O-O {[%clk
01:28:11]} {[%emt 00:00:33]} a6 {[%clk 01:25:41]} {[%emt 00:01:34]} 9. h3
{[%clk 01:26:57]} {[%emt 00:01:19]} Rb8 {[%clk 01:23:30]} {[%emt 00:02:16]} 10.
a4 {[%clk 01:26:21]} {[%emt 00:00:41]} Qc7 {[%clk 01:21:16]} {[%emt 00:02:19]}
11. Re1 {[%clk 01:24:46]} {[%emt 00:01:39]} Re8 {[%clk 01:15:42]} {[%emt
00:05:39]} 12. e4 {[%clk 01:23:13]} {[%emt 00:01:39]} b6 {[%clk 01:14:32]}
{[%emt 00:01:15]} 13. Qc2 {[%clk 01:18:04]} {[%emt 00:05:14]} Bb7 {[%clk
01:13:32]} {[%emt 00:01:05]} 14. Bd2 {[%clk 01:15:04]} {[%emt 00:03:06]} e6
{[%clk 01:12:50]} {[%emt 00:00:46]} 15. dxe6 {[%clk 01:13:51]} {[%emt
00:01:17]} Rxe6 {[%clk 01:12:42]} {[%emt 00:00:13]} 16. Re2 {[%clk 01:11:05]}
{[%emt 00:02:52]} h6 {[%clk 01:12:01]} {[%emt 00:00:46]} 17. Rae1 {[%clk
01:09:34]} {[%emt 00:01:34]} Rbe8 {[%clk 01:11:46]} {[%emt 00:00:21]} 18. Qd3
{[%clk 01:07:48]} {[%emt 00:01:51]} Qc6 {[%clk 01:07:41]} {[%emt 00:04:10]} 19.
Nd5 {[%clk 01:04:48]} {[%emt 00:03:04]} Ne5 {[%clk 00:58:12]} {[%emt 00:09:34]}
20. Nxe5 {[%clk 01:04:33]} {[%emt 00:00:20]} dxe5 {[%clk 00:58:11]} {[%emt
00:00:07]} 21. f4 {[%clk 01:02:46]} {[%emt 00:01:52]} exf4 {[%clk 00:57:00]}
{[%emt 00:01:15]} 22. e5 {[%clk 01:01:56]} {[%emt 00:00:55]} Nxd5 {[%clk
00:55:56]} {[%emt 00:01:10]} 23. cxd5 {[%clk 01:01:27]} {[%emt 00:00:33]} Qd7
{[%clk 00:55:17]} {[%emt 00:00:45]} 24. gxf4 {[%clk 00:59:22]} {[%emt
00:02:11]} Rd8 {[%clk 00:55:02]} {[%emt 00:00:19]} 25. d6 {[%clk 00:57:20]}
{[%emt 00:02:07]} Bxg2 {[%clk 00:54:50]} {[%emt 00:00:17]} 26. Rxg2 {[%clk
00:54:51]} {[%emt 00:02:33]} Qxa4 {[%clk 00:54:13]} {[%emt 00:00:43]} 27. Qg3
{[%clk 00:51:43]} {[%emt 00:03:13]} Qd4+ {[%clk 00:47:34]} {[%emt 00:06:43]} 28.
Kh1 {[%clk 00:48:41]} {[%emt 00:03:07]} f5 {[%clk 00:45:15]} {[%emt 00:02:25]}
29. Bc3 {[%clk 00:46:10]} {[%emt 00:02:36]} Qd5 {[%clk 00:44:22]} {[%emt
00:00:59]} 30. Kh2 {[%clk 00:44:39]} {[%emt 00:01:35]} b5 {[%clk 00:42:41]}
{[%emt 00:01:46]} 31. b4 {[%clk 00:42:56]} {[%emt 00:01:48]} c4 {[%clk
00:37:18]} {[%emt 00:05:28]} 32. Rd2 {[%clk 00:42:45]} {[%emt 00:00:16]} Qc6
{[%clk 00:36:59]} {[%emt 00:00:24]} 33. Red1 {[%clk 00:41:08]} {[%emt
00:01:42]} Rd7 {[%emt 00:02:09]} 34. Rd5 {[%clk 00:39:50]} Qb7 {[%clk
00:27:08]} {[%emt 00:09:15]} 35. Qe3 {[%clk 00:36:13]} {[%emt 00:03:43]} Kh7
{[%clk 00:26:38]} {[%emt 00:00:35]} 36. h4 {[%clk 00:34:18]} {[%emt 00:02:01]}
Bf8 {[%clk 00:25:53]} {[%emt 00:00:48]} 37. h5 {[%clk 00:33:41]} {[%emt
00:00:42]} gxh5 {[%clk 00:25:37]} {[%emt 00:00:21]} 38. Qh3 {[%clk 00:33:38]}
{[%emt 00:00:08]} 1-0

[Event "National Elementary Championship"]
[Site "Columbus, Ohio, United States"]
[Date "2022.05.13"]
[Round "2.12"]
[White "Sen, Samant"]
[Black "Ho, Carter"]
[Result "0-1"]
[TimeControl "G/90;d5"]
[WhiteElo "1510"]
[BlackElo "2033"]

1. e4 {[%clk 01:30:00]} {[%emt 00:00:01]} c5 {[%clk 01:30:00]} {[%emt
00:00:06]} 2. c3 {[%clk 01:29:59]} {[%emt 00:00:07]} Nf6 {[%clk 01:30:00]}
{[%emt 00:00:03]} 3. e5 {[%clk 01:29:52]} {[%emt 00:00:12]} Nd5 {[%clk
01:30:00]} {[%emt 00:00:02]} 4. d4 {[%clk 01:29:47]} {[%emt 00:00:10]} cxd4
{[%clk 01:30:00]} {[%emt 00:00:03]} 5. Nf3 {[%clk 01:29:37]} {[%emt 00:00:15]}
Nc6 {[%clk 01:29:08]} {[%emt 00:00:57]} 6. cxd4 {[%clk 01:28:19]} {[%emt
00:01:23]} d6 {[%clk 01:28:59]} {[%emt 00:00:13]} 7. a3 {[%clk 01:26:55]}
{[%emt 00:01:30]} Bg4 {[%clk 01:22:18]} {[%emt 00:06:46]} 8. Bc4 {[%clk
01:23:41]} {[%emt 00:03:19]} dxe5 {[%clk 01:21:09]} {[%emt 00:01:14]} 9. dxe5
{[%clk 01:22:32]} {[%emt 00:01:14]} e6 {[%clk 01:21:04]} {[%emt 00:00:10]} 10.
Qb3 {[%clk 01:19:44]} {[%emt 00:02:54]} Bxf3 {[%clk 01:17:11]} {[%emt
00:03:56]} 11. gxf3 {[%clk 01:19:13]} {[%emt 00:00:37]} Nxe5 {[%clk 01:11:26]}
{[%emt 00:05:50]} 12. Qxb7 {[%clk 01:15:12]} {[%emt 00:04:06]} Nxc4 {[%clk
00:50:07]} {[%emt 00:21:24]} 13. Qc6+ {[%clk 01:14:34]} {[%emt 00:00:42]} Ke7
{[%clk 00:50:02]} {[%emt 00:00:10]} 14. Qxc4 {[%clk 01:14:14]} {[%emt
00:00:24]} Rc8 {[%clk 00:49:49]} {[%emt 00:00:18]} 15. Qh4+ {[%clk 01:13:31]}
{[%emt 00:00:49]} f6 {[%clk 00:49:48]} {[%emt 00:00:06]} 16. Bd2 {[%clk
01:11:38]} {[%emt 00:01:58]} Kf7 {[%clk 00:48:23]} {[%emt 00:01:30]} 17. Nc3
{[%clk 01:10:01]} {[%emt 00:01:42]} Bc5 {[%clk 00:44:56]} {[%emt 00:03:32]} 18.
Rc1 {[%clk 01:07:43]} {[%emt 00:02:24]} Qd7 {[%clk 00:40:58]} {[%emt 00:04:02]}
19. Qa4 {[%clk 01:02:26]} {[%emt 00:05:22]} Qb7 {[%clk 00:36:24]} {[%emt
00:04:37]} 20. Ne4 {[%clk 00:59:29]} {[%emt 00:03:02]} Be7 {[%clk 00:34:27]}
{[%emt 00:02:03]} 21. Qd4 {[%clk 00:55:00]} {[%emt 00:04:33]} Rhd8 {[%clk
00:31:51]} {[%emt 00:02:41]} 22. Rxc8 {[%clk 00:52:19]} {[%emt 00:02:46]} Rxc8
{[%clk 00:29:06]} {[%emt 00:02:51]} 23. O-O {[%clk 00:49:11]} {[%emt 00:03:13]}
Rc2 {[%clk 00:23:29]} {[%emt 00:05:42]} 24. b4 {[%clk 00:47:06]} {[%emt
00:02:10]} Qa6 {[%clk 00:22:46]} {[%emt 00:00:48]} 25. Ra1 {[%clk 00:43:14]}
{[%emt 00:03:57]} Qe2 {[%clk 00:20:31]} {[%emt 00:02:19]} 26. Kg2 {[%clk
00:37:27]} {[%emt 00:05:52]} f5 {[%clk 00:14:39]} {[%emt 00:05:58]} 27. Ng5+
{[%clk 00:34:06]} {[%emt 00:03:24]} Kg6 {[%clk 00:11:59]} {[%emt 00:02:46]} 28.
Bc1 {[%clk 00:30:42]} {[%emt 00:03:29]} Rxc1 {[%clk 00:10:18]} {[%emt
00:01:46]} 29. Nxe6 {[%clk 00:25:57]} {[%emt 00:04:49]} Bf6 {[%clk 00:02:02]}
{[%emt 00:08:22]} 30. Qxd5 {[%clk 00:24:27]} {[%emt 00:01:35]} Qf1+ {[%clk
00:02:02]} {[%emt 00:00:03]} 31. Kg3 {[%clk 00:24:13]} {[%emt 00:00:19]} Rxa1
{[%clk 00:01:55]} {[%emt 00:00:13]} 32. Nf4+ {[%clk 00:21:53]} {[%emt
00:02:25]} Kh6 {[%clk 00:01:52]} {[%emt 00:00:07]} 33. Qxf5 {[%clk 00:21:45]}
{[%emt 00:00:13]} Qg1+ {[%clk 00:01:11]} {[%emt 00:00:46]} 34. Kh3 {[%clk
00:21:40]} {[%emt 00:00:09]} Qg5 {[%clk 00:01:10]} {[%emt 00:00:07]} 35. Qxg5+
{[%clk 00:18:50]} {[%emt 00:02:55]} Bxg5 {[%clk 00:01:10]} {[%emt 00:00:01]} 36.
Ne6 {[%clk 00:18:33]} {[%emt 00:00:22]} Rxa3 {[%clk 00:01:10]} {[%emt
00:00:02]} 37. Kg4 {[%clk 00:17:54]} {[%emt 00:00:44]} Be7 {[%emt 00:00:02]} 38.
b5 {[%clk 00:17:40]} {[%emt 00:00:18]} Rb3 {[%clk 00:01:10]} {[%emt 00:00:02]}
39. Nc7 {[%clk 00:17:26]} {[%emt 00:00:19]} Bd6 {[%clk 00:01:10]} {[%emt
00:00:01]} 40. Ne8 {[%clk 00:17:17]} {[%emt 00:00:14]} Bxh2 {[%clk 00:01:10]}
{[%emt 00:00:02]} 41. f4 {[%clk 00:16:27]} {[%emt 00:00:54]} Rxb5 {[%clk
00:01:10]} {[%emt 00:00:03]} 42. Kh3 {[%clk 00:16:12]} {[%emt 00:00:20]} Bxf4
{[%clk 00:01:10]} {[%emt 00:00:02]} 43. Kg4 {[%clk 00:15:27]} {[%emt 00:00:50]}
Rb8 {[%clk 00:01:10]} 44. Kxf4 {[%clk 00:15:17]} {[%emt 00:00:15]} Rxe8 {[%clk
00:01:10]} {[%emt 00:00:02]} 45. f3 {[%clk 00:15:12]} {[%emt 00:00:10]} a5
{[%clk 00:01:10]} {[%emt 00:00:01]} 46. Kf5 {[%clk 00:15:03]} {[%emt 00:00:14]}
a4 {[%emt 00:00:02]} 47. Kf4 {[%clk 00:14:34]} {[%emt 00:00:33]} a3 {[%clk
00:01:10]} {[%emt 00:00:01]} 48. Kf5 {[%clk 00:14:29]} {[%emt 00:00:10]} a2
{[%clk 00:01:10]} {[%emt 00:00:01]} 49. f4 {[%clk 00:14:29]} {[%emt 00:00:05]}
a1=Q {[%clk 00:01:10]} {[%emt 00:00:05]} 50. Kg4 {[%clk 00:14:24]} {[%emt
00:00:10]} Qf6 {[%clk 00:01:10]} {[%emt 00:00:01]} 51. Kf3 {[%clk 00:14:20]}
{[%emt 00:00:09]} g5 {[%clk 00:01:10]} {[%emt 00:00:02]} 52. Kf2 {[%clk
00:13:58]} {[%emt 00:00:28]} Qxf4+ {[%clk 00:01:10]} {[%emt 00:00:02]} 53. Kg2
{[%clk 00:13:54]} {[%emt 00:00:09]} Re2+ {[%clk 00:01:10]} {[%emt 00:00:01]} 54.
Kg1 {[%clk 00:13:48]} {[%emt 00:00:12]} Qf2+ {[%clk 00:01:10]} {[%emt
00:00:04]} 55. Kh1 {[%clk 00:13:40]} {[%emt 00:00:13]} Re1# {[%clk 00:01:10]}
{[%emt 00:00:01]} 0-1